000 00680nmc a2200253 a 4500
003 AR-BaBNM
005 20251128204707.0
008 057019s1981 ||||||||||||||000 | spa||
020 _a950-21-04755-7
040 _cAR-BaBNM
100 1 _aMalinow, Inés
245 1 0 _aCanciones para mis nenas llenas de sol
260 _aBuenos Aires
_bPlus Ultra
_c1981
300 0 _a45 p.
_bil.
490 0 _aPara escuchar y para hablar
650 4 _aLITERATURA ARGENTINA
653 0 _aPOESIA INFANTIL
653 0 _aCANCIONES INFANTILES
655 _aLITERATURA
700 1 _aPollini, Luis
_eilustrador
800 1 _aArtigas de Sierra, Ione María
942 _cBK
998 _cMARTIN
999 _c8449
_d8449